1208 1368 1757 1170 1796 1752 1302 1592 1489 1133 1491 1107 1184 1438 1174 1339 1588 1367 1725 1402 1794 1557 1201 1403 1168 1003 1163 1862 1130 1826 1936 1687 1872 1868 1592 1117 1423 1480 1824 1314 1420 1652 1428 1931 1813 1864 1922 1271 1605 1390 1409 1581 1181 1457 1946 1998 1088 1949 1161 1075 1636 1722 1490 1350 1133 1291 1246 1375 1935 1433 1602 1244 1079 1206 1071 1214 1222 1264 1930 1807 1353 1606 1971 1028 1812 1785 1893 1104 1222 1213 1594 1001 1364 1528 1881 1357 1433 1834 1944 BCNSPRNW ULIB Ver.6.0+V

เปลี่ยนเป็นภาษาไทย

Change to English
 แสดงรายละเอียดบรรณานุกรม
  กลับหน้าหลัก

Brief Record : Get Marc (ISO 2709) : E-mail record : QR code < ปิดหน้าต่าง
LEADER : 00000nam 2200000uu 4500
001    13399111871
003     ULIB
008    110711s2543||||th 000 0 tha d
020    9748211878
050  4 DS589.T6^bส769ธ 2543
245 00 ธนบุรี /^cบรรณาธิการ สุดารา สุจฉายา
250    พิมพ์ครั้งที่ 2
260    กรุงเทพฯ :^bสารคดี,^c2543
300    336 หน้า :^bภาพประกอบ ;^c21 ซม.
440  0 เพื่อความเข้าใจในแผ่นดิน
651  7 ธนบุรี^xภูมิประเทศและการท่องเที่ยว
651  7 ธนบุรี^xความเป็นอยู่และประเพณี
700 0  สุดารา สุจฉายา,^eบรรณาธิการ
945    ^p0^l0^i015892
995    ทศพร
999 ^a ใช้งานได้ทุกระบบ
รายการนี้ยังไม่มีแท็ก
คุณยังไม่ได้ล็อกอิน คุณสามารถมีกิจกรรมร่วมกับเว็บไซต์ได้ แต่ต้องล็อกอินก่อน ::
  ล็อกอิน

รายการสื่อสารสนเทศ

ลำดับที่ ประเภท เลขเรียก/บาร์โค้ด สถานที่ สถานะ
- ไม่พบข้อมูล -

BibComment


ยังไม่เคยถูกคอมเมนท์

คอมเมนท์ทรัพยากรรายการนี้
  คอมเมนท์: ธนบุรี บรรณาธิกา..


 Copyright 2026. Bcnsprnw @Library